000 002670000a22000970004500
100 1 _aDavis, Gene
245 1 0 _aSustaining a people group movement
300 _aVol. 12, Núm 1 (1995), Páginas 35-37
773 0 _tInternational Journal of Frontier Misions
942 _cANA
999 _c55334
_d55334